Statistics for F1: Podium 2020

Click here to take the quiz!

General Stats

  • This quiz has been taken 251 times
  • The average score is 11 of 13

Answer Stats

Times On PodiumAnswer% Correct
13Lewis Hamilton
99%
10Max Verstappen
99%
10Valtteri Bottas
98%
2Charles Leclerc
97%
1Sebastian Vettel
96%
1Lando Norris
94%
2Sergio Pérez
94%
2Daniel Ricciardo
93%
1Carlos Sainz
92%
1Pierre Gasly
90%
2Lance Stroll
87%
1Esteban Ocon
79%
2Alex Ablon
18%

Score Distribution

Percentile by Number Answered

Percent of People with Each Score

Your Score History

You have not taken this quiz